000 00660nam a2200217Ia 4500
005 20250326143936.0
008 250326s9999 xx 000 0 und d
020 _a978-0-470-03075-2
037 _aTextbook
040 _aFMSL
_beng
_cFMSL
041 _aeng
_2eng
084 _aX:512 P7
_qFMSL
100 _aInd Nicholas
_9235919
245 0 _aBranding goverce : participatory approach to the brand building process
_cInd Nicholas; Bjerke Rune
260 _aNew Jersey
_bNew Jersey, John Wiley
_c2007
300 _a276p
365 _b83150.419999999998
650 _aSales Management
942 _cTB
_hX:512 P7
999 _c1301710
_d1301710